Corso di geografia, ad uso dei ginnasi 2. ed. [di Fortunato Mamini e Pietro Romanelli]

Gespeichert in:
Bibliographische Detailangaben
1. Verfasser: Mamini, Fortunato.Romanelli, Pietro.
Format: Buch
Sprache:Italienisch
Erschienen: Torino Loescher 1884
Katalog:EDISCO:  Suchergebnis im Bibliothekskatalog
Schulbuchspezifische Eigenschaften:
Tags: Tag hinzufügen
Keine Tags, Fügen Sie den ersten Tag hinzu!
Hinzugefügt zu:30.04.2016
Geändert in:18.10.2017

MARC

LEADER 00000aam a22000007 4500
001 07476
003 OSt
005 20171018095941.0
008 160501s1884 it 000 0 ita
040 |c Gianfranco Bandini - Firenze - CLIO 
041 1 |a ita 
100 1 |a Mamini, Fortunato.Romanelli, Pietro. 
245 0 0 |a Corso di geografia, ad uso dei ginnasi 2. ed. [di Fortunato Mamini e Pietro Romanelli] 
260 |a Torino  |b Loescher  |c 1884 
300 |a 47, 1/x ;  
901 |a 7 
942 |2 ddc  |c BK 
546 |a ita 
999 |c 7465  |d 7465 
999 |c edisco:7465  |d 7465